English Dictionary & Thesaurus

Bibliographic Details
Format: Book
Published: s.l : Harper Collins Publishers & Times Books , 2000
Subjects:

MARC

LEADER 00000cam a2200000 7i4500
001 0000050607
005 20020204.0
020 |a 0004725026 
090 0 0 |a 423.1   |b ENG 
245 0 0 |a English Dictionary & Thesaurus 
260 |a s.l :   |b Harper Collins Publishers & Times Books ,   |c 2000 
300 |a 1397p. ;   |c 27cm. 
650 0 0 |a English language   |x Synonyms and antonyms 
650 0 0 |a English language   |x Terms and phrases 
999 |a 099375   |b BUKU   |c RUJUKAN   |e PERPUSTAKAAN KOMUNITI PETALING JAYA